Jeden z dziesięciu 8 - Statystyki

Ogólne statystyki
  • Ten quiz został rozwiązany 20 razy
  • Średni wynik to 21 z 40
Statystyki odpowiedzi
Zagadnienie Odpowiedź % Poprawnych
"Sążeń" to dawna jednostka długości czy obiętości? Długości
100%
Czym wsławił się Eugeniusz Kwiatkowski? Zainicjował budowę Centralnego Okręgu Przemysłowego
100%
Aksonometria to dział geometrii wykreślnej czy aksjologii? Geometrii wykreślnej
75%
"Jonatan" "Inflancka" i "Boiken" to odmiany którego owocowego drzewa? Jabłoni
75%
Pierwsza część "Chłopów" Władysława Reymonta nosi tytuł "Jesień". A jaki tytuł nosi ostatnia część "Chłopów"? Lato
75%
Na którym kontynencie wznosi się, należący do Korony Ziemi, szczyt Masyw Vinsona? Na Antarktydzie
75%
Czy w polskim paszporcie wpisany jest adres właściciela? Nie
75%
Czy mitologiczna Persefona była żoną Perseusza? Nie
75%
Jak nazywa się obszar morza przeznaczony do kotwiczenia statków, przed wejściem do portu? Reda
75%
Rekin wielorybi czy wieloryb rekinowaty? Które z tych zwierząt istnieje naprawdę? Rekin wielorybi
75%
Czy leżące obecnie na Białorusi miasto Pińsk znajdowało się kiedykolwiek w granicach Polski? Tak
75%
Czy istnieją gatunki papug drapieżnych? Tak
75%
Odmianą którego instrumentu jest fanfara, służąca do grania fanfar? Trąbki
75%
W której części ubrania ukrywamy asa? W rękawie
75%
Ile strun ma standardowa wiolonczela? 4
50%
Jak brzmi polska nazwa gwiazdozbioru o łacińskiej nazwie "Aries"? Baran
50%
Jak miała na imię pani Bush, żona 41 i matka 43 prezydenta Stanów Zjednoczonych? Barbara
50%
Reprezentacja piłkarska którego państwa jest nazywana "Canarinhos"? Brazylii
50%
"Vir Dolorum" albo "Mąż Boleści" to w sztukach plastycznych przedstawienie której postaci? Jezusa Chrystusa
50%
Które dawne dominium Imperium Brytyjskiego w 1982 roku uchwaliło akt konstytucyjny uwalniający to państwo od zależności od parlamentu brytyjskiego? Kanada
50%
Jak nazywał się XVIII-wieczny szwedzki przyrodnik, twórca systemu klasyfikacji roślin i zwierząt? Karol Linneusz
50%
Kim jest Mollie z "Folwarku Zwierzęcego" George'a Orwella? Klaczą
50%
Na jakiej pozycji grał polski piłkarz Włodzimierz Lubański? Napastnik
50%
Jak nazywał się jasnopłowy koń króla Jana III Sobieskiego - uratował królowi życie w czasie bitwy pod Parkanami, a także służył w trakcie odsieczy wiedeńskiej? Pałasz
50%
Premierem którego państwa był zamordowany w 1986 r. Olof Palme? Szwecji
50%
Czy metan i etan to węglowodory? Tak
50%
Czy bahaizm jest religią monoteistyczną? Tak
50%
Czy Tatarzy walczyli w bitwie pod Grunwaldem? Tak
50%
I Republika Francuska była proklamowana w 1792 r. A którą republiką Francja jest obecnie? V
50%
W którym miesiącu obchodzony jest Światowy Dzień Zdrowia? W kwietniu
50%
Nad którym oceanem leży afrykańskie państwo Senegal? Atlantyckim
25%
Jak nazywa się polska reżyserka, która nakręciła filmy "Dziewczęta z Nowolipek" "Krzyk" i "Bez miłości"? Barbara Sass
25%
Które dwa państwa leżą na Półwyspie Jutlandzkim? Dania i Niemcy
25%
Który reżyser trzykrotnie dostał Oscara w kategorii "Najlepszy film nieanglojęzyczny"? Ingmar Bergman
25%
Czy stokrotki są w Polsce pod ochroną? Nie
25%
Jak nazywa się proces trwałego łączenia metali poprzez stopienie ich brzegów? Spawanie
25%
W którym dramacie padają słowa "Polska to jest wielka rzecz: podłość odrzucić precz"? W "Weselu"
25%
Diereza, grawis i umlaut. Które dwa z tych trzech znaków diakrytycznych wygląda tak samo? Diereza i umlaut
0%
Który malarz jest autorem witraży w katedrze wawelskiej? One powstały w latach 1902-1925. Józef Mehoffer
0%
Którzy święci, wg. "Boskiej Komedii", egzaminowali Dantego w Niebie? Piotr, Jan i Jakub
0%
Nie znaleziono quizów pasujących do podanych kryteriów
Rozkład punktacji
Procent ludzi z każdym wynikiem
Percentyl według liczby udzielonych odpowiedzi
Twoja historia wyników
Nie rozwiązałeś tego quizu